00440nam a2200145 a 4500008004100000050001600041100002800057245007400085250001200159260005300171300002100224350000900245700002100254700001900275120416s1978 ||||||||||||||||| || u aHF 5635 Dec aRamanathan, Kavasseri V10aAccounting for managerial decision makingcedited by Don T. De Coster a2nd ed. aSanta Barbara, Calif.bJohn Wiley and Sonsc1978 axiv, 438p. : ill a0.00 aDe Coster, Don T aSundem, Gary L